Word Ladder: Keyboard Practice? Quiz Stats

 Plays Quiz Updated May 15, 2019

Score 0/22 Timer 04:00
1 Play Today
Hint 5-letter word % Correct
♪ Instrument with 88 keys ♪♫ PIANO ♫
98.5%
FrightenSCARE
94.3%
Run afterCHASE
93.8%
Picked an optionCHOSE
93.7%
A task of houseworkCHORE
93.4%
♪ A set of notes played together ♪♫ CHORD ♫
91.6%
Glass fragmentSHARD
90.8%
Divide among a groupSHARE
90.4%
Swiss vegetableCHARD
89.7%
♪ Do re mi fa so la ti do ♪♫ SCALE ♫
89.2%
Playground slopeSLIDE
88.7%
Hint 5-letter word % Correct
City north of DallasPLANO
82.2%
Stage of the moonPHASE
80.1%
Area not reached by the sunSHADE
79.8%
Two-dimensional subspacePLANE
78.8%
'Cum On Feel the Noize' original artistSLADE
77.1%
Unmetamorphosed slateSHALE
76.3%
A beach in France?PLAGE
47%
Bacterial suffix meaning 'eater'PHAGE
46.7%
Omit a syllableELIDE
43.3%
Escape by speed or trickeryELUDE
42.8%
♪ Musical composition meant for technique ♪♫ ETUDE ♫
39%

Today's Daily Dose

You're not logged in!

Compare scores with friends on all Sporcle quizzes.
OR
Log In

Show Comments

Extras

Top Quizzes Today


Score Distribution

Your Account Isn't Verified!

In order to create a playlist on Sporcle, you need to verify the email address you used during registration. Go to your Sporcle Settings to finish the process.

Report this User

Report this user for behavior that violates our Community Guidelines.

Details: